| 000 | 01070nas a2200325 4500 | ||
|---|---|---|---|
| 001 | BR2011003977 | ||
| 003 | BR-BrBNA | ||
| 005 | 20231205115514.0 | ||
| 007 | ta | ||
| 008 | 230509b bl.|||p| |||| 00| 00por d | ||
| 040 |
_aBR-BrBNA _bpor _cBiblioteca Nacional de Agricultura |
||
| 041 | _a(Pt) | ||
| 072 | _aL73 | ||
| 100 | 1 | _aAzevedo, J.S.C. de | |
| 100 | 1 | _aEsmeraldino, A.T. | |
| 100 | 1 | _aÁvila, V.P.F. de | |
| 100 | 1 | _aWitz, M.I. | |
| 100 | 1 | _aFischer, C.D.B. | |
| 100 | 1 | _aTartatotti, A.L. | |
| 245 | 1 | _aLeishmaniose visceral canina autóctone no município de São Borja, Rio Grande do Sul, Brasil: relato de caso | |
| 246 | 1 | _aAutochthonous visceral leishmaniasis in São Borja County, Rio Grande do Sul, Brazil: Case report | |
| 650 | _aCÃO | ||
| 650 | _aLEISHMANIOSE | ||
| 650 | _aDOENÇA ANIMAL | ||
| 650 | _aPROTOZOÁRIO | ||
| 650 | _aRIO GRANDE DO SUL | ||
| 773 | 0 |
_tVeterinária em Foco (Brazil) _xISSN 1679-5237 _g(Jul-Dec 2009), v. 7(1) p. 52-61 _wBR2011003977 |
|
| 909 |
_a202311 _bLúcia _c55 _dLúcia Elande |
||
| 942 |
_2AGRIS _n0 _cANA |
||
| 999 |
_c214143 _d214143 |
||